Тайбэйцы (Запись № 12703982)

Подробности
000 -МАРКЕР
контрольное поле 02973nam0a2200373 4500
001 - ИДЕНТИФИКАТОР ЗАПИСИ
контрольное поле RU\NLR\BIBL_A\016209972
005 - ИДЕНТИФИКАТОР ВЕРСИИ
контрольное поле 20230301114644.0
010 ## - МЕЖДУНАРОДНЫЙ СТАНДАРТНЫЙ НОМЕР КНИГИ (ISBN)
Номер (ISBN) 978-5-6044950-7-0
Тираж 1000
021 ## - НОМЕР ГОСУДАРСТВЕННОЙ РЕГИСТРАЦИИ
Код страны Российская Федерация
Номер КН-П-22-069714
Номер Листа государственной регистраци КН-П-22-6069
035 ## - ДРУГИЕ СИСТЕМНЫЕ НОМЕРА
Идентификатор записи (NLR Aleph) 016209972
035 ## - ДРУГИЕ СИСТЕМНЫЕ НОМЕРА
Идентификатор записи (RuMoRGB)011279562
100 ## - ДАННЫЕ ОБЩЕЙ ОБРАБОТКИ
Данные общей обработки 20221117d2022 u y0rusy50 ca
101 1# - ЯЗЫК РЕСУРСА
Язык текста, звукозаписи и т.д. русский
Язык оригинала китайский
102 ## - СТРАНА ПУБЛИКАЦИИ ИЛИ ПРОИЗВОДСТВА
Страна публикации Российская Федерация
105 ## - ПОЛЕ КОДИРОВАННЫХ ДАННЫХ: ТЕКСТОВЫЕ МАТЕРИАЛЫ, МОНОГРАФИЧЕСКИЕ
Кодированные данные о монографическом текстовом документе y z 000ay
181 #0 - ПОЛЕ КОДИРОВАННЫХ ДАННЫХ: ВИД СОДЕРЖАНИЯ
Код вида содержания (ISBD) i4
Код характеристики содержания (ISBD) axxe
182 #0 - ПОЛЕ КОДИРОВАННЫХ ДАННЫХ: ТИП СРЕДСТВА
Код типа средства (ISBD) n - непосредственное
200 1# - ЗАГЛАВИЕ И СВЕДЕНИЯ ОБ ОТВЕТСТВЕННОСТИ
Основное заглавие Тайбэйцы
Сведения, относящиеся к заглавию рассказы
Первые сведения об ответственности Бай Сянь-юн
Последующие сведения об ответственности перевод с китайского Виталия Андреева
-- предисловие: В. В. Малявин
203 ## - ВИД СОДЕРЖАНИЯ И ТИП СРЕДСТВА
Вид содержания Текст
Дополнительные сведения об издании визуальный
Тип средства непосредственный
210 ## - ПУБЛИКАЦИЯ, РАСПРОСТРАНЕНИЕ И ДР.
Место издания, распространения и т.д. Москва
Имя издателя, распространителя и т. д. Изд-во восточной литературы
Дата издания, распространения и т.д. 2022
215 ## - ФИЗИЧЕСКАЯ ХАРАКТЕРИСТИКА
Специфическое обозначение материала и объем 286, [1] с.
Размеры 21
320 ## - ПРИМЕЧАНИЯ О НАЛИЧИИ В ДОКУМЕНТЕ БИБЛИОГРАФИИ / УКАЗАТЕЛЯ
Текст примечания Др. кн. авт. на 4-й с. обл.
327 0# - ПРИМЕЧАНИЯ О СОДЕРЖАНИИ
Текст примечания Содерж.: Вечная Инь Сюэ-янь; "Молодо-зелено"; Канун Нового года; Прощальный вечер Цзинь-тайпань; Кроваво-красные азалии; Ода о былом; "Песнь о горе Лянфу"; "Сиротливый цветок любви"; Славная лапшичная у Цветочного моста; Осенние думы [и др.]
330 ## - РЕЗЮМЕ ИЛИ РЕФЕРАТ
Текст примечания Один из ключевых авторов литературы тайваньского модернизма второй половины XX века, Бай Сянь-юн (род. 1937) получил известность прежде всего благодаря сборнику рассказов "Тайбэйцы" (1971) и роману "Грешники" (1983). Четырнадцать рассказов о судьбах ока- завшихся в Тайбэе в 50 60-е годы XX века эмигрантов из Шанхая, Нанкина, Пекина, Гуйлиня и других уголков Китая, эвакуировавшихся на Тайвань в годы гражданской войны, образуют яркий, противоречивый и пронизанный символизмом художественный мир, в котором декадентские мотивы причудливо переплетаются с ностальгией по Китаю республиканского периода
675 ## - УНИВЕРСАЛЬНАЯ ДЕСЯТИЧНАЯ КЛАССИФИКАЦИЯ (UDC/УДК)
Индекс 821.581-31
Издание 4
686 1# - ИНДЕКСЫ ДРУГИХ КЛАССИФИКАЦИЙ
Индекс Ш6(5Кит)67-440.5{Лх2180}
700 #0 - ИМЯ ЛИЦА - ПЕРВИЧНАЯ ОТВЕТСТВЕННОСТЬ
Графика поля Кириллица
Материалы, к которым относится поле rus
Начальный элемент ввода Бай Сянь-юн
Даты 1937-
Системный номер авторитетной/нормативной записи 253076
Идентификатор авторитетной/нормативной записи RU\NLR\AUTH\770253132
702 #1 - ИМЯ ЛИЦА - ВТОРИЧНАЯ ОТВЕТСТВЕННОСТЬ
Код отношения Переводчик
Графика поля Кириллица
Материалы, к которым относится поле rus
Начальный элемент ввода Андреев
Часть имени, кроме начального элемента ввода В. И.
Дополнения к именам, кроме дат переводчик, китайский язык
Расширение инициалов личного имени Виталий Игоревич
Системный номер авторитетной/нормативной записи 244267
Идентификатор авторитетной/нормативной записи RU\NLR\AUTH\770244323
942 ## - ДОПОЛНИТЕЛЬНЫЕ ЭЛЕМЕНТЫ ЗАПИСИ (АБИС)
Тип экземпляра АБИС Книга
980 ## - КОЛЛЕКЦИЯ
Название коллекции Национальная библиография
Экземпляры
Тип экземпляра Дата поступления Источник поступления Библиотека постоянного хранения Библиотека текущего хранения Место хранения Шифр хранения Штрих-код Статус экземпляра
Книга 17.11.2022 Обязательный экземпляр РНБ (Московский) РНБ (Московский) Русский книжный фонд: издания с 1957 года 2022-3/31832 1-4049720  
Книга 17.11.2022 Обязательный экземпляр РНБ (Московский) РНБ (Московский) Русский книжный фонд: издания с 1957 года 2022-3/31832 1-4049721